Taylor Swift - False God Lyrics - Statistics

General Stats
  • This quiz has been taken 190 times
  • The average score is 289 of 320
Answer Stats
Answer % Correct
a
100%
false
100%
go
100%
I
100%
it
100%
it's
100%
God
99%
if
99%
We
99%
we
99%
you?
99%
you
99%
You
99%
your
99%
In
98%
in
98%
just
98%
still
97%
Still
97%
the
97%
The
97%
this
97%
with
97%
Even
96%
get
96%
love
96%
might
96%
away
95%
my
95%
to
95%
do
94%
We'd
94%
were
94%
we're
94%
worship
94%
you're
94%
You're
94%
And
93%
and
93%
for
93%
is
93%
like
93%
when
93%
i'm
92%
I'm
92%
me
92%
babe
91%
hips
91%
But
89%
city
89%
lips
89%
New
89%
not
89%
York
89%
can
87%
I'd
87%
i'd
87%
talk
87%
that
87%
think
87%
can't
86%
could
86%
crazy
86%
Crazy
86%
die
86%
said
86%
altar
85%
favorite
85%
Religion's
85%
Remember
83%
by
82%
faith
82%
how
82%
blind
81%
Blind
81%
They
81%
times
81%
us
81%
work
81%
lost
80%
say
80%
Staring
80%
town
80%
about
79%
all
79%
village
79%
west
79%
out
78%
led
77%
window
77%
so
76%
warned
76%
gets
75%
jump
75%
road
75%
hard
74%
ocean
74%
stupid
74%
fight
73%
know
73%
there
73%
up
73%
good
71%
heaven's
71%
hell
71%
Honey
71%
touch
71%
leave
67%
thing
67%
try
67%
Daring
64%
patch
63%
scare
63%
Got
62%
forgiveness
59%
separating
59%
fly
58%
wine
58%
Make
57%
begging
56%
confessions
48%
No matching quizzes found
Score Distribution
Percent of People with Each Score
Percentile by Number Answered
Your Score History
You have not taken this quiz